000 00727nam a2200241 i 4500
001 C2-0282719
003 PPAK
005 20180728013015.0
008 071021s2007 nyua|||| ||||| | eng d
020 _a1602390401
040 _aPPAK
_beng
_cPPAK
_erda
082 0 4 _a778.5345
_223
090 0 0 _a778.5345
_bWOL
_dR
100 1 _aWolf, Steve,
_eauthor
245 1 4 _aThe secret science behind movie stunts & special effects
264 1 _aNew York :
_bSkyhorse Publishing ,
_c2007
300 _a192 pages :
_bcolour illustrations ;
_c22 cm
336 _2rdacontent
_atext
337 _2rdamedia
_aunmediated
338 _2rdacarrier
_avolume
650 1 0 _aCinematography--Special effects ; Stunt performers
942 _ddc
_cB
999 _c88938
_d88938